[Event "TUR-chT2"]
[Site "Konya"]
[Date "2016.07.21"]
[Round "7.4"]
[White "Caglar, Ahmet Ata"]
[Black "Firat, Mehmet Bugra"]
[Result "1-0"]
[WhiteElo "1968"]
[BlackElo "1611"]
[PlyCount "219"]
[EventDate "2016.07.17"]
[EventType "team-swiss"]
[EventRounds "9"]
[EventCountry "TUR"]
[SourceTitle "CBM 173 Extra"]
[Source "ChessBase"]
[SourceDate "2016.08.29"]
[SourceVersion "1"]
[SourceVersionDate "2016.08.29"]
[SourceQuality "1"]
[WhiteTeam "Istanbul Darussafaka"]
[BlackTeam "Ankara Dernegi"]
[WhiteTeamCountry "TUR"]
[BlackTeamCountry "TUR"]

1. Nf3 Nf6 2. d4 d5 3. c4 c6 4. Nc3 e6 5. Bf4 Nbd7 6. e3 Be7 7. cxd5 exd5 8. Bd3 Nf8 9. Rc1 Ne6 10. Bg3 0-0 11. 0-0 g6 12. a3 Ng7 13. b4 Bf5 14. Ne5 Nd7 15. Na4 Nxe5 16. Bxe5 f6 17. Bg3 Bd6 18. Nc5 Bxg3 19. hxg3 Qe7 20. Qb3 Bxd3 21. Nxd3 a6 22. a4 Nf5 23. Qc3 Nd6 24. Qc5 Rfe8 25. Rc2 Nc4 26. Nb2 Nd6 27. Rfc1 Kf8 28. Nd3 Nc4 29. Nb2 Nd6 30. Nd3 Nc4 31. Rc3 Nd6 32. Rb3 Kg8 33. Nf4 Rac8 34. Rbc3 Qd8 35. Rb3 Qe7 36. Rbb1 Kh8 37. Ne2 Qd8 38. Qc2 Nc4 39. Nc3 Na3 40. Qb3 Nxb1 41. Rxb1 Qd6 42. a5 Kg7 43. Na4 h5 44. Nc5 Rb8 45. Qd1 Rh8 46. Qf3 h4 47. g4 Rh7 48. Nd3 g5 49. Nc5 h3 50. gxh3 Rbh8 51. Qf5 Kf7 52. Nxb7 Qe7 53. Nc5 Rxh3 54. Kf1 Rh1+ 55. Ke2 Rxb1 56. Qxb1 Rh2 57. Qf5 Rh1 58. Qc8 Rb1 59. Qxc6 Rb2+ 60. Kf3 Kg6 61. Qxd5 Rxb4 62. Qg8+ Qg7 63. Qxg7+ Kxg7 64. Nxa6 Rb5 65. Nc5 Rxa5 66. Ke4 Kf7 67. Kd5 Ra2 68. Kc6 Rxf2 69. d5 Rd2 70. d6 f5 71. gxf5 g4 72. Ne4 Rc2+ 73. Kd5 Rc1 74. Ke5 Rd1 75. Kf4 Re1 76. Ng3 Rd1 77. Ne4 Re1 78. Ng3 Rd1 79. Kxg4 Rxd6 80. e4 Rd4 81. Kf4 Ra4 82. Nf1 Ra2 83. Ne3 Rf2+ 84. Ke5 Ra2 85. Nd5 Ra5 86. Kf4 Ra4 87. Ke5 Ra5 88. Kd4 Ra4+ 89. Ke3 Ra3+ 90. Kf4 Ra4 91. Nc3 Rc4 92. Ne2 Rc2 93. Nd4 Rc4 94. Ke5 Rc5+ 95. Kd6 Rc4 96. Kd5 Ra4 97. e5 Ra5+ 98. Kd6 Ra4 99. Nc6 Rf4 100. Ne7 Rd4+ 101. Nd5 Rd1 102. e6+ Ke8 103. f6 Rd2 104. Ke5 Re2+ 105. Kf5 Rf2+ 106. Nf4 Rf1 107. Kg5 Rg1+ 108. Kh6 Rh1+ 109. Kg7 Rg1+ 110. Ng6 1-0

[Event "TUR-chT2"]
[Site "Konya"]
[Date "2016.07.19"]
[Round "5.4"]
[White "Firat, Mehmet Bugra"]
[Black "Peksen, Emirhan"]
[Result "1/2-1/2"]
[WhiteElo "1611"]
[BlackElo "1709"]
[PlyCount "55"]
[EventDate "2016.07.17"]
[EventType "team-swiss"]
[EventRounds "9"]
[EventCountry "TUR"]
[SourceTitle "CBM 173 Extra"]
[Source "ChessBase"]
[SourceDate "2016.08.29"]
[SourceVersion "1"]
[SourceVersionDate "2016.08.29"]
[SourceQuality "1"]
[WhiteTeam "Ankara Dernegi"]
[BlackTeam "Ordu Azdur"]
[WhiteTeamCountry "TUR"]
[BlackTeamCountry "TUR"]

1. e4 e6 2. d4 d5 3. Nc3 Bb4 4. Nge2 dxe4 5. a3 Bxc3+ 6. Nxc3 Nc6 7. d5 exd5 8. Qxd5 Be6 9. Qxe4 Nf6 10. Qh4 Nd5 11. Qxd8+ Rxd8 12. Bd2 Nxc3 13. Bxc3 0-0 14. Bd3 Nd4 15. 0-0-0 c5 16. Rhe1 a6 17. Ba5 Rd6 18. Bc7 Rd7 19. Bb6 Rc8 20. Re5 Rd5 21. Rde1 g6 22. Rxd5 Bxd5 23. Be4 Bxe4 24. Rxe4 Ne6 25. Re1 Rc6 26. Ba5 Rd6 27. Bc3 b5 28. Rd1 1/2-1/2